Central Library and Information Centre
Sibsagar Girls' College, Sivasagar : Assam

ADVANCED INORGANIC CHEMISTRY (Record no. 2324)

MARC details
000 -LEADER
fixed length control field 00434cam a2200181ua 4500
008 - FIXED-LENGTH DATA ELEMENTS--GENERAL INFORMATION
fixed length control field 131127n1994 II |||gr||||Z||||||eng
040 ## - CATALOGING SOURCE
Original cataloging agency MAIN
041 ## - LANGUAGE CODE
-- English
082 ## - DEWEY DECIMAL CLASSIFICATION NUMBER
Classification number 546 COT
100 ## - MAIN ENTRY--PERSONAL NAME
Personal name COTTON, ELBERT F. & OTHERS.
245 ## - TITLE STATEMENT
Title ADVANCED INORGANIC CHEMISTRY
250 ## - EDITION STATEMENT
Edition statement 6TH.
260 ## - PUBLICATION, DISTRIBUTION, ETC.
Place of publication, distribution, etc. NEW DELHI
Name of publisher, distributor, etc. S.CHAND & COMPANY
Date of publication, distribution, etc. 1994
300 ## - PHYSICAL DESCRIPTION
Extent 990:
Dimensions 25CM.
942 ## - ADDED ENTRY ELEMENTS (KOHA)
Koha item type Books
653 ## - INDEX TERM--UNCONTROLLED
Uncontrolled term Inorganic chemistry
Holdings
Withdrawn status Lost status Damaged status Not for loan Collection code Home library Current library Shelving location Date acquired Full call number Barcode Date last seen Copy number Price effective from Koha item type Public note
        TBCHE Central Library and Information Centre Sibsagar Girls College Central Library and Information Centre Sibsagar Girls College CHEMISTRY BOOK RACK 24.04.2002 546 COT 17814 27.02.2020 2 27.02.2020 Books V
        TBCHE Central Library and Information Centre Sibsagar Girls College Central Library and Information Centre Sibsagar Girls College CHEMISTRY BOOK RACK 24.04.2002 546 COT 17866 27.02.2020 1 27.02.2020 Books V
        TBCHE Central Library and Information Centre Sibsagar Girls College Central Library and Information Centre Sibsagar Girls College CHEMISTRY BOOK RACK 23.02.2010 546 COT 24795 27.02.2020 3 27.02.2020 Books V


Sibsagar Girl's College © 2020. All rights reserved.
Powered by Koha.
Maintained by Abhijit Borpuzari.